000 00270nam a22001217a 4500
008 230704b xxu||||| |||| 00| 0 eng d
020 _a9966941452
082 _a362.2
_bMAC 2002
245 _aThe Tobacco Atlas
260 _bWHO
_c2002
300 _a128p
942 _2ddc
_cBK
999 _c3953
_d3953